[Event "La Pobla de Lillet op 2006"]
[Site "La Pobla de Lillet ESP"]
[Date "2006.08.10"]
[Round "9.7"]
[White "Fandiño Reyes, Roquelina"]
[Black "Parligras, Mircea"]
[Result "0-1"]
[WhiteElo "2133"]
[BlackElo "2510"]
[PlyCount "74"]
[EventDate "2006.08.02"]
[EventType "swiss"]
[EventRounds "9"]
[EventCountry "ESP"]
[SourceTitle "Ajedrez en Madri"]
[Source "lmi"]
[SourceDate "2020.06.30"]
[SourceVersion "1"]
[SourceVersionDate "2020.06.30"]
[SourceQuality "1"]

1. e4 c5 2. c3 Nf6 3. e5 Nd5 4. d4 cxd4 5. Qxd4 e6 6. Nf3 Nc6 7. Qe4 f5 8. exf6
Nxf6 9. Qc2 d5 10. Bg5 e5 11. Bb5 Bd6 12. Nbd2 O-O 13. O-O-O a6 14. Bd3 h6 15.
h4 Be6 16. Bf5 Qd7 17. Bxe6+ Qxe6 18. Bxf6 Rxf6 19. Nb3 Qf7 20. Ng5 hxg5 21.
hxg5 Rg6 22. Rh4 Rd8 23. Rdh1 Kf8 24. f4 exf4 25. Re1 Re6 26. Rf1 Qg6 27. Qd2
Qxg5 28. Rfh1 Rh6 29. Rxh6 gxh6 30. Nd4 Nxd4 31. cxd4 f3 32. Qxg5 hxg5 33. gxf3
Kg7 34. Re1 Rf8 35. Re6 Rf6 36. Re8 Rxf3 37. Rd8 Rf6 0-1

[Event "La Pobla de Lillet op 2006"]
[Site "La Pobla de Lillet ESP"]
[Date "2006.08.10"]
[Round "9.8"]
[White "Fabre Massana, Miquel"]
[Black "Alonso Moyano, Jonathan"]
[Result "0-1"]
[WhiteElo "2124"]
[BlackElo "2372"]
[PlyCount "50"]
[EventDate "2006.08.02"]
[EventType "swiss"]
[EventRounds "9"]
[EventCountry "ESP"]
[SourceTitle "Ajedrez en Madri"]
[Source "lmi"]
[SourceDate "2020.06.30"]
[SourceVersion "1"]
[SourceVersionDate "2020.06.30"]
[SourceQuality "1"]

1. e4 c5 2. Nf3 d6 3. d4 cxd4 4. Nxd4 Nf6 5. Nc3 g6 6. Be3 Bg7 7. f3 Nc6 8. Qd2
O-O 9. Bc4 Nd7 10. O-O-O Nb6 11. Bb3 Na5 12. Bh6 Nbc4 13. Qg5 e5 14. Nde2 Bf6
15. Qg3 Bh4 16. Rxd6 Nxd6 17. Qxe5 Nxb3+ 18. axb3 Bf6 19. Qf4 Re8 20. Rd1 Be5
21. Qd2 Qa5 22. Kb1 Nb5 23. f4 Nxc3+ 24. Nxc3 Bh8 25. f5 b5 0-1

[Event "La Pobla de Lillet op 2006"]
[Site "La Pobla de Lillet ESP"]
[Date "2006.08.10"]
[Round "9.9"]
[White "Susterman, Anna"]
[Black "Garcia Miracle, Joan Josep"]
[Result "1-0"]
[WhiteElo "2262"]
[BlackElo "2047"]
[PlyCount "35"]
[EventDate "2006.08.02"]
[EventType "swiss"]
[EventRounds "9"]
[EventCountry "ESP"]
[SourceTitle "Ajedrez en Madri"]
[Source "lmi"]
[SourceDate "2020.06.30"]
[SourceVersion "1"]
[SourceVersionDate "2020.06.30"]
[SourceQuality "1"]

1. e4 c5 2. Nf3 g6 3. c3 Bg7 4. Bc4 e6 5. O-O Nc6 6. d4 cxd4 7. Nxd4 Nxd4 8.
cxd4 Qb6 9. e5 d5 10. exd6 Qxd6 11. d5 Be5 12. Nc3 Bd7 13. Re1 f5 14. Qb3 Ne7
15. Qxb7 O-O 16. Bg5 Kh8 17. Nb5 Bxb5 18. Bxe7 1-0

[Event "La Pobla de Lillet op 2006"]
[Site "La Pobla de Lillet ESP"]
[Date "2006.08.10"]
[Round "9.10"]
[White "Garcia Paolicchi, Raul"]
[Black "Corrigüelas Armillas, Frederic"]
[Result "1-0"]
[WhiteElo "2228"]
[BlackElo "2022"]
[PlyCount "129"]
[EventDate "2006.08.02"]
[EventType "swiss"]
[EventRounds "9"]
[EventCountry "ESP"]
[SourceTitle "Ajedrez en Madri"]
[Source "lmi"]
[SourceDate "2020.06.30"]
[SourceVersion "1"]
[SourceVersionDate "2020.06.30"]
[SourceQuality "1"]

1. d4 e6 2. Nf3 f5 3. g3 b6 4. d5 Bb7 5. dxe6 dxe6 6. Qxd8+ Kxd8 7. Bh3 Nf6 8.
O-O Bd6 9. Nc3 Nbd7 10. Nb5 Nc5 11. Nxd6 cxd6 12. Nd4 Ke7 13. f3 g6 14. Rd1 a6
15. c3 Rhd8 16. Be3 Na4 17. Rd2 Rac8 18. Rad1 Bd5 19. Nb3 Nc5 20. Nxc5 bxc5 21.
b3 a5 22. c4 Bb7 23. Bg5 Rc6 24. Bg2 Rb6 25. e4 fxe4 26. fxe4 h6 27. Bxh6 Bxe4
28. Bg5 Bf5 29. Rf2 Rf8 30. Rdf1 Kd7 31. Bxf6 Rxf6 32. g4 a4 33. gxf5 gxf5 34.
bxa4 Rb4 35. Rc2 Rg6 36. a5 Kc7 37. a6 Kb6 38. Kf2 Kxa6 39. Rd1 d5 40. cxd5
exd5 41. Rxd5 Rh4 42. Rdxc5 Rxh2 43. Rc6+ Rxc6 44. Rxc6+ Kb5 45. Rf6 Rh5 46.
Bc6+ Kb4 47. a4 Ka5 48. Kg3 Rg5+ 49. Kf4 Rg4+ 50. Kxf5 Rg1 51. Bb5 Re1 52. Re6
Rh1 53. Ke5 Rd1 54. Rd6 Re1+ 55. Kd5 Rc1 56. Ra6+ Kb4 57. Kd6 Rh1 58. Kc7 Rh7+
59. Kb6 Rh8 60. Ra7 Rh6+ 61. Bc6 Rh8 62. a5 Rh2 63. Rg7 Rb2 64. Rg4+ Kc3+ 65.
Bb5 1-0

[Event "La Pobla de Lillet op 2006"]
[Site "La Pobla de Lillet ESP"]
[Date "2006.08.10"]
[Round "9.14"]
[White "Capellades Subirana, Marc"]
[Black "Del Valle Cirera, Adria"]
[Result "1/2-1/2"]
[WhiteElo "2065"]
[BlackElo "1964"]
[PlyCount "31"]
[EventDate "2006.08.02"]
[EventType "swiss"]
[EventRounds "9"]
[EventCountry "ESP"]
[SourceTitle "Ajedrez en Madri"]
[Source "lmi"]
[SourceDate "2020.06.30"]
[SourceVersion "1"]
[SourceVersionDate "2020.06.30"]
[SourceQuality "1"]

1. e4 e5 2. Nf3 Nc6 3. Bc4 Bc5 4. d3 Nf6 5. Nc3 d6 6. Be3 Bb6 7. O-O Bg4 8. Nd5
Nxd5 9. Bxd5 Qf6 10. c3 Bxf3 11. gxf3 Bxe3 12. fxe3 Qg5+ 13. Kf2 Qh4+ 14. Kg1
Qg5+ 15. Kf2 Qh4+ 16. Kg1 1/2-1/2